[Event "EOBCC 2020"]
[Site "Online"]
[Date "2020.12.18"]
[Round "1.158"]
[White "Socko, Monika"]
[Black "Klim, Filip"]
[Result "1-0"]
[WhiteElo "2421"]
[BlackElo "1897"]
[PlyCount "95"]
[EventDate "2020.12.18"]
[EventType "tourn"]
[EventCountry "NET"]

1. e4 e5 2. Nf3 Nc6 3. Bb5 a6 4. Bxc6 dxc6 5. O-O Bg4 6. h3 h5 7. d3 Qf6 8. Nbd2 Ne7 9. Re1 Ng6 10. d4 Nf4 11. dxe5 Qg6 12. Nh4 Bxd1 13. Nxg6 Nxg6 14. Rxd1 O-O-O 15. Re1 Nxe5 16. Nb3 Be7 17. c3 Rhe8 18. Be3 Nc4 19. Rab1 Nxe3 20. Rxe3 c5 21. Re2 b5 22. Nd2 Kb7 23. Nf3 Bf6 24. Kf1 Kb6 25. Ke1 c4 26. Rd1 c5 27. Rxd8 Rxd8 28. e5 Be7 29. Rd2 Rxd2 30. Kxd2 Kc6 31. Ke3 Kd5 32. Kf4 b4 33. Nd2 a5 34. f3 g6 35. Ne4 a4 36. a3 bxa3 37. bxa3 Ke6 38. Nd2 Kd5 39. g4 hxg4 40. fxg4 Ke6 41. Nf3 Kd5 42. h4 Ke6 43. h5 gxh5 44. gxh5 Bf8 45. Ng5+ Ke7 46. Kf5 Bg7 47. Ne4 f6 48. exf6+ 1-0

[Event "EOBCC 2020"]
[Site "Online"]
[Date "2020.12.18"]
[Round "1.159"]
[White "Zabrzanska, Weronika"]
[Black "Svane, Frederik"]
[Result "0-1"]
[WhiteElo "1849"]
[BlackElo "2421"]
[PlyCount "82"]
[EventDate "2020.12.18"]
[EventType "tourn"]
[EventCountry "NET"]

1. e4 c5 2. c3 d5 3. exd5 Qxd5 4. d4 e6 5. Nf3 Nf6 6. Be2 Be7 7. O-O O-O 8. Be3 Nbd7 9. Nbd2 b6 10. c4 Qd6 11. dxc5 Nxc5 12. Nb3 Nxb3 13. axb3 Qc7 14. Qc2 Bb7 15. Nd4 a6 16. Bf3 Rfd8 17. Bxb7 Qxb7 18. Rfd1 Ng4 19. Qe2 Nxe3 20. Qxe3 Bf6 21. Rd2 h6 22. Rad1 Bg5 23. f4 Be7 24. Qf3 Qc7 25. Kf1 Bc5 26. Nc6 Rxd2 27. Ne7+ Bxe7 28. Qxa8+ Rd8 29. Rxd8+ Qxd8 30. Qxa6 Qd3+ 31. Kf2 Bc5+ 32. Ke1 Qb1+ 33. Ke2 Qxb2+ 34. Kf3 Qxb3+ 35. Ke2 Qc2+ 36. Ke1 Bb4+ 37. Kf1 Qd1+ 38. Kf2 Bc5+ 39. Kg3 h5 40. Qc8+ Kh7 41. Qc6 Qg4# 0-1

[Event "EOBCC 2020"]
[Site "Online"]
[Date "2020.12.18"]
[Round "1.160"]
[White "Gunnarsson, Arnar"]
[Black "Wolagiewicz, Kinga"]
[Result "1-0"]
[WhiteElo "2420"]
[BlackElo "1791"]
[PlyCount "65"]
[EventDate "2020.12.18"]
[EventType "tourn"]
[EventCountry "NET"]

1. c4 Nf6 2. Nc3 e6 3. e4 d6 4. d4 Nc6 5. Nf3 Be7 6. Be2 O-O 7. O-O Re8 8. h3 Bf8 9. Be3 g6 10. Qd2 Bg7 11. Bh6 e5 12. d5 Ne7 13. Nh2 c6 14. Bxg7 Kxg7 15. f4 exf4 16. Qxf4 Neg8 17. dxc6 bxc6 18. Kh1 Qe7 19. Rad1 d5 20. cxd5 cxd5 21. exd5 Bf5 22. Bf3 Rab8 23. d6 Qd8 24. b3 Re6 25. Ng4 Rb6 26. Ne3 Rexd6 27. Nxf5+ gxf5 28. Qxf5 Qc7 29. Ne4 Nxe4 30. Bxe4 Rg6 31. Rd7 Qg3 32. Qxf7+ Kh8 33. Qxh7# 1-0

[Event "EOBCC 2020"]
[Site "Online"]
[Date "2020.12.18"]
[Round "1.161"]
[White "Sowinski, Pawel"]
[Black "Efimov, Igor"]
[Result "1-0"]
[WhiteElo "1767"]
[BlackElo "2416"]
[PlyCount "97"]
[EventDate "2020.12.18"]
[EventType "tourn"]
[EventCountry "NET"]

1. e4 c5 2. Nf3 Nc6 3. Bb5 Nf6 4. e5 Nd5 5. Nc3 Nc7 6. Bxc6 dxc6 7. O-O g6 8. h3 Bg7 9. Re1 O-O 10. d3 h6 11. Ne4 b6 12. a4 a5 13. Be3 Bf5 14. Ng3 Be6 15. Qd2 Kh7 16. c4 Qd7 17. Rad1 Rad8 18. Qc3 Qc8 19. Qb3 Qa6 20. Rd2 Rb8 21. Rc1 b5 22. axb5 cxb5 23. Qa3 b4 24. Qa4 Qb6 25. Ne4 Rfd8 26. Bxc5 Qb7 27. Bxe7 Bd7 28. Qc2 Re8 29. Nd6 Qc6 30. Nxe8 Rxe8 31. Bd6 Ne6 32. d4 Nf4 33. d5 Qc8 34. Qe4 Nh5 35. g4 f5 36. Qd4 fxg4 37. hxg4 Bxg4 38. Nh2 Bf5 39. c5 Qd8 40. c6 Qxd6 41. exd6 Bxd4 42. Rxd4 b3 43. d7 Rf8 44. d6 Nf6 45. Ra4 Bc2 46. Rxa5 Ne4 47. f3 Nxd6 48. c7 Nc4 49. c8=Q 1-0

[Event "EOBCC 2020"]
[Site "Online"]
[Date "2020.12.18"]
[Round "2.1"]
[White "Lodici, Lorenzo"]
[Black "Wojtaszek, Radoslaw"]
[Result "0-1"]
[WhiteElo "2483"]
[BlackElo "2705"]
[Annotator "TA"]
[PlyCount "92"]
[EventDate "2020.12.18"]
[EventType "tourn"]
[EventCountry "NET"]

1. d4 Nf6 2. c4 e6 3. Nc3 Bb4 4. f3 c5 5. d5 d6 6. e4 b5 7. Bd2 a6 8. a4 bxc4 9. Bxc4 Nbd7 10. dxe6 fxe6 11. Bxe6 Ne5 12. Bxc8 Qxc8 13. Nge2 Nd3+ 14. Kf1 c4 15. Nf4 Bxc3 16. bxc3 O-O 17. Nxd3 cxd3 18. Qb3+ Kh8 19. c4 Nxe4 20. Qxd3 Qxc4 21. Ke2 Qxd3+ 22. Kxd3 Nf2+ 23. Kd4 Nxh1 24. Rxh1 Rab8 25. Bc3 Rfc8 26. Re1 Rb3 27. Re3 Kg8 28. g4 Kf7 29. h4 d5 30. Bd2 Rxe3 31. Bxe3 Rc4+ 32. Kxd5 Rxa4 33. f4 a5 34. h5 Ra1 35. g5 a4 36. Kc4 a3 37. Kb3 a2 38. Ba7 Rf1 39. Kxa2 Rxf4 40. Kb3 Rh4 41. h6 g6 42. Kc2 Ke6 43. Kd3 Kf5 44. Be3 Rh3 45. Kd4 Rxe3 46. Kxe3 Kxg5 0-1

[Event "EOBCC 2020"]
[Site "Online"]
[Date "2020.12.18"]
[Round "2.2"]
[White "Navara, David"]
[Black "Janik, Igor"]
[Result "1-0"]
[WhiteElo "2697"]
[BlackElo "2489"]
[Annotator "TA"]
[PlyCount "47"]
[EventDate "2020.12.18"]
[EventType "tourn"]
[EventCountry "NET"]

1. e4 c6 2. d4 d5 3. e5 c5 4. Nf3 e6 5. c3 Qb6 6. Bd3 Bd7 7. O-O Bb5 8. dxc5 Bxc5 9. b4 Bxd3 10. Qxd3 Be7 11. Be3 Qc7 12. Na3 Nd7 13. Nb5 Qb8 14. c4 a6 15. cxd5 axb5 16. dxe6 fxe6 17. Qxb5 Ra6 18. Rac1 Nh6 19. Rfd1 Rc6 20. Rxc6 bxc6 21. Qxc6 Qd8 22. Bxh6 gxh6 23. Qxe6 Rf8 24. Qxh6 1-0

[Event "EOBCC 2020"]
[Site "Online"]
[Date "2020.12.18"]
[Round "2.3"]
[White "Rasulov, Vugar"]
[Black "Bluebaum, Matthias"]
[Result "0-1"]
[WhiteElo "2478"]
[BlackElo "2672"]
[PlyCount "70"]
[EventDate "2020.12.18"]
[EventType "tourn"]
[EventCountry "NET"]

1. e4 e6 2. d4 d5 3. Nc3 Nf6 4. Bg5 dxe4 5. Nxe4 Be7 6. Bxf6 Bxf6 7. Nf3 Nd7 8. Qd2 O-O 9. O-O-O Be7 10. Bd3 c5 11. dxc5 Qc7 12. Kb1 b6 13. c6 Qxc6 14. h4 Bb7 15. Neg5 Nf6 16. Ne5 Qc7 17. Rhe1 h6 18. g4 Rad8 19. Nexf7 hxg5 20. Nxd8 Rxd8 21. hxg5 Ne4 22. Qe2 Nxg5 23. Bc4 Rxd1+ 24. Rxd1 Bf3 25. Bxe6+ Kf8 26. Qd3 Bxd1 27. Bb3 Bxg4 28. a4 Qd6 29. Qe3 Be6 30. c4 Bf5+ 31. Ka2 Ne6 32. Qf3 Qd3 33. Qa8+ Kf7 34. c5 Qb1+ 35. Ka3 Bxc5# 0-1

[Event "EOBCC 2020"]
[Site "Online"]
[Date "2020.12.18"]
[Round "2.4"]
[White "Jones, Gawain C B"]
[Black "Costachi, Mihnea"]
[Result "1-0"]
[WhiteElo "2670"]
[BlackElo "2471"]
[PlyCount "91"]
[EventDate "2020.12.18"]
[EventType "tourn"]
[EventCountry "NET"]

1. Nf3 Nf6 2. c4 g6 3. g3 Bg7 4. Bg2 O-O 5. O-O d6 6. Nc3 Nc6 7. Rb1 a5 8. a3 e5 9. d3 Re8 10. Bg5 h6 11. Bxf6 Bxf6 12. b4 axb4 13. axb4 Bg7 14. b5 Ne7 15. Nd2 c6 16. Ra1 Be6 17. Rxa8 Qxa8 18. Nde4 d5 19. Nc5 Qa3 20. Nxe6 Qxc3 21. Nxg7 Kxg7 22. Qa4 e4 23. bxc6 exd3 24. cxb7 Rb8 25. Qa8 Rxa8 26. bxa8=Q dxe2 27. Bxd5 exf1=Q+ 28. Kxf1 Qd3+ 29. Kg2 Nxd5 30. Qxd5 Qxd5+ 31. cxd5 Kf6 32. f4 Kf5 33. Kf3 g5 34. fxg5 hxg5 35. h4 gxh4 36. gxh4 Ke5 37. h5 Kxd5 38. h6 Ke6 39. h7 Kf6 40. h8=Q+ Kg6 41. Kf4 f5 42. Qa1 Kh7 43. Qg1 Kh6 44. Kxf5 Kh7 45. Kf6 Kh8 46. Qg7# 1-0

[Event "EOBCC 2020"]
[Site "Online"]
[Date "2020.12.18"]
[Round "2.5"]
[White "Kazakouski, Valery"]
[Black "Guseinov, Gadir"]
[Result "0-1"]
[WhiteElo "2473"]
[BlackElo "2665"]
[PlyCount "118"]
[EventDate "2020.12.18"]
[EventType "tourn"]
[EventCountry "NET"]

1. d4 Nf6 2. Nf3 g6 3. c4 Bg7 4. g3 O-O 5. Bg2 d6 6. O-O Nc6 7. Nc3 Bf5 8. Be3 Ne4 9. Nxe4 Bxe4 10. d5 Bxf3 11. exf3 Ne5 12. b3 c5 13. dxc6 Nxc6 14. Rc1 Qa5 15. Qd2 Qxd2 16. Bxd2 a5 17. f4 Rfc8 18. Rfe1 Kf8 19. c5 dxc5 20. Rxc5 Nd4 21. Rxa5 Rxa5 22. Bxa5 Rc2 23. Bb4 Bf6 24. a4 Rb2 25. Bc5 Nxb3 26. Bb6 Nd4 27. a5 Nb3 28. Rd1 Bc3 29. Bxb7 Nxa5 30. Bxa5 Bxa5 31. Bg2 Bb6 32. Rf1 e6 33. Bf3 f5 34. Kg2 h6 35. h4 Kg7 36. Bc6 Kf6 37. Be8 Rc2 38. Bb5 Rd2 39. Bc4 Rb2 40. Bd3 g5 41. hxg5+ hxg5 42. fxg5+ Kxg5 43. Bc4 e5 44. Bd5 e4 45. Bc4 Rd2 46. Bb5 Bd4 47. Ba6 Kg4 48. Bb7 Ra2 49. Bc6 Rb2 50. Bd5 Kg5 51. Bc6 Kf6 52. Bd5 Ke5 53. Bc4 Rc2 54. Bb5 Ra2 55. Bc4 Rb2 56. Ba6 e3 57. Bc4 Ke4 58. Ba6 Bc3 59. Bb7+ Rxb7 0-1

[Event "EOBCC 2020"]
[Site "Online"]
[Date "2020.12.18"]
[Round "2.6"]
[White "Gadimbayli, Abdulla"]
[Black "Sjugirov, Sanan"]
[Result "0-1"]
[WhiteElo "2470"]
[BlackElo "2663"]
[PlyCount "70"]
[EventDate "2020.12.18"]
[EventType "tourn"]
[EventCountry "NET"]

1. e4 c5 2. Nf3 d6 3. d4 cxd4 4. Nxd4 Nf6 5. Nc3 a6 6. g3 e5 7. Nf3 Be7 8. Bg2 Be6 9. O-O O-O 10. Nh4 Nc6 11. Nf5 Bxf5 12. exf5 Qd7 13. g4 h6 14. f4 exf4 15. Bxf4 Rad8 16. g5 hxg5 17. Bxg5 d5 18. Bxf6 Bxf6 19. Nxd5 Bxb2 20. Rb1 Be5 21. f6 Rfe8 22. Qh5 Bd4+ 23. Kh1 Re5 24. Qf3 Rxd5 25. Qxd5 Qxd5 26. Bxd5 Rxd5 27. fxg7 b5 28. Rbd1 Rc5 29. Rd2 Kxg7 30. Rf3 f6 31. Rg3+ Kf7 32. Rg4 Be5 33. h4 f5 34. Rg5 Bf6 35. Rh5 Kg6 0-1

[Event "EOBCC 2020"]
[Site "Online"]
[Date "2020.12.18"]
[Round "2.7"]
[White "Matinian, Nikita"]
[Black "Cheparinov, Ivan"]
[Result "0-1"]
[WhiteElo "2470"]
[BlackElo "2688"]
[PlyCount "140"]
[EventDate "2020.12.18"]
[EventType "tourn"]
[EventCountry "NET"]

1. e4 c5 2. Nf3 Nc6 3. Bb5 e6 4. O-O Nge7 5. c3 a6 6. Ba4 b5 7. Bc2 Bb7 8. a4 d5 9. Re1 b4 10. d4 cxd4 11. cxd4 dxe4 12. Bxe4 Nd5 13. Nbd2 Be7 14. Nb3 O-O 15. Bd2 Nf6 16. Bd3 Na5 17. Nxa5 Qxa5 18. Rc1 Rac8 19. b3 Rxc1 20. Bxc1 Rd8 21. Be3 Qc7 22. Ne5 a5 23. h3 Bd5 24. Nc4 Be4 25. Bxe4 Nxe4 26. Qf3 Nc3 27. Bf4 Qa7 28. Qg3 Bf8 29. Bc7 Rd5 30. Bb6 Qb7 31. Bxa5 Rxd4 32. Kh2 h5 33. Qc7 Qxc7+ 34. Bxc7 Nxa4 35. Be5 Rxc4 36. bxc4 f6 37. Ba1 e5 38. Kg3 Kf7 39. Kf3 Bc5 40. g4 hxg4+ 41. hxg4 Nb6 42. Rc1 Ke6 43. Ke2 g6 44. f3 f5 45. gxf5+ gxf5 46. Kd3 Na4 47. Rh1 b3 48. Rb1 Bd6 49. Re1 b2 50. Bxb2 Nxb2+ 51. Kc2 Nxc4 52. Rh1 Kd5 53. Kd3 e4+ 54. fxe4+ fxe4+ 55. Ke2 Be5 56. Rd1+ Ke6 57. Rh1 Bd4 58. Rh5 Ne5 59. Rh7 Kd5 60. Rh5 Bc5 61. Rh8 Nc6 62. Rh5+ Kc4 63. Rh6 Nd4+ 64. Kd2 e3+ 65. Kd1 Kd3 66. Rh3 Nb5 67. Rh4 Nc3+ 68. Ke1 Bd6 69. Rh3 Ne4 70. Rh2 Bxh2 0-1

[Event "EOBCC 2020"]
[Site "Online"]
[Date "2020.12.18"]
[Round "2.8"]
[White "Oparin, Grigoriy"]
[Black "Kuzmicz, Krystian"]
[Result "0-1"]
[WhiteElo "2652"]
[BlackElo "2469"]
[PlyCount "168"]
[EventDate "2020.12.18"]
[EventType "tourn"]
[EventCountry "NET"]

1. d4 g6 2. e4 Bg7 3. Nf3 c6 4. Bd3 d5 5. exd5 cxd5 6. O-O Bg4 7. h3 Bxf3 8. Qxf3 Nc6 9. c3 e6 10. Re1 Nge7 11. Nd2 O-O 12. Qe2 a6 13. a4 Qd6 14. Nf3 Rab8 15. g3 Rbc8 16. h4 Rfe8 17. h5 Qd7 18. Kg2 Nf5 19. Bf4 f6 20. hxg6 hxg6 21. g4 g5 22. gxf5 exf5 23. Qc2 Re4 24. Bg3 Nb4 25. Qd2 Nxd3 26. Qxd3 Rce8 27. Rxe4 fxe4 28. Qd1 exf3+ 29. Qxf3 f5 30. Qh5 f4 31. Bh2 Qe7 32. Rf1 Rb8 33. f3 b5 34. axb5 Rxb5 35. Rf2 Ra5 36. Qg4 Ra1 37. Qc8+ Bf8 38. Qf5 Qe1 39. Qxg5+ Kh8 40. Qh5+ Kg7 41. Qxd5 Qh1+ 42. Kh3 Rg1 43. Qe5+ Kg8 44. Qxf4 Rg7 45. Qe5 Rh7+ 46. Kg4 Rg7+ 47. Kf5 Rf7+ 48. Ke6 Re7+ 49. Kd5 Rxe5+ 50. Bxe5 Qe1 51. Rg2+ Kf7 52. Rh2 Qd1 53. Rh7+ Kg6 54. Ra7 Qxf3+ 55. Kc4 Qe2+ 56. Kb3 Qb5+ 57. Kc2 Qc6 58. Kd3 Qb5+ 59. Kc2 a5 60. Rc7 a4 61. Ra7 Qb3+ 62. Kd3 Qb5+ 63. Kc2 Qb3+ 64. Kd3 Bh6 65. Ra6+ Kh5 66. Ra5 Kg4 67. Bd6 Bc1 68. Ba3 Qd1+ 69. Kc4 Qb3+ 70. Kc5 Bxb2 71. Bxb2 Qxb2 72. Rxa4 Qxc3+ 73. Rc4 Qa5+ 74. Kd6 Kf4 75. Rc5 Qb6+ 76. Kd5 Kf5 77. Kc4+ Ke6 78. Re5+ Kd6 79. Rd5+ Ke6 80. Re5+ Kf6 81. Rc5 Qb2 82. Kd5 Qe2 83. Rc6+ Kf5 84. Rc5 Qe6# 0-1

[Event "EOBCC 2020"]
[Site "Online"]
[Date "2020.12.18"]
[Round "2.9"]
[White "Golubov, Saveliy"]
[Black "Saric, Ivan"]
[Result "0-1"]
[WhiteElo "2470"]
[BlackElo "2652"]
[PlyCount "42"]
[EventDate "2020.12.18"]
[EventType "tourn"]
[EventCountry "NET"]

1. d4 Nf6 2. Nf3 g6 3. Bg5 Bg7 4. Nbd2 d6 5. e4 Nbd7 6. c3 h6 7. Bh4 g5 8. Bg3 Nh5 9. Bc4 e6 10. O-O O-O 11. Re1 Qe7 12. a4 c5 13. Nb3 cxd4 14. Nbxd4 Nxg3 15. hxg3 g4 16. Nh2 h5 17. Nb5 Ne5 18. Qxd6 Qxd6 19. Nxd6 Rd8 20. Nxc8 Nxc4 21. Ne7+ Kf8 0-1

[Event "EOBCC 2020"]
[Site "Online"]
[Date "2020.12.18"]
[Round "2.10"]
[White "Najer, Evgeniy"]
[Black "Firat, Burak"]
[Result "1-0"]
[WhiteElo "2648"]
[BlackElo "2474"]
[PlyCount "123"]
[EventDate "2020.12.18"]
[EventType "tourn"]
[EventCountry "NET"]

1. d4 Nf6 2. Bg5 d5 3. Bxf6 exf6 4. e3 c6 5. Bd3 Nd7 6. Nd2 Bd6 7. Qf3 Nf8 8. h4 h5 9. Bf5 Ne6 10. Ne2 g6 11. Bh3 f5 12. O-O-O b5 13. g3 a5 14. Nf4 a4 15. Kb1 a3 16. b3 Qa5 17. Nd3 Qc3 18. Qe2 c5 19. Qe1 cxd4 20. Bg2 dxe3 21. Nc4 Qxe1 22. Nxd6+ Kd7 23. Rhxe1 Kxd6 24. Rxe3 Bb7 25. Ne5 Ke7 26. Bxd5 Rad8 27. Nxg6+ Kf6 28. Nxh8 Rxd5 29. Rxd5 Bxd5 30. Kc1 Kg7 31. Re5 Be4 32. f3 Bxf3 33. Nxf7 Kf6 34. Re3 Be4 35. Nd6 Bc6 36. c3 f4 37. gxf4 Nxf4 38. Ne4+ Kf5 39. Nf2 Ng2 40. Rh3 Nf4 41. Re3 Ng2 42. Rh3 Nf4 43. Rh2 Ke5 44. Kd2 Kf5 45. Nd3 Nd5 46. Rf2+ Kg4 47. Ne5+ Kg3 48. Rf3+ Kg2 49. Rf5 Be8 50. Rf8 Nc7 51. c4 bxc4 52. Nxc4 Kg3 53. Nd6 Bd7 54. Rf7 Bg4 55. Rxc7 Kxh4 56. b4 Be6 57. b5 Bxa2 58. b6 Bd5 59. Kc3 a2 60. Kb2 Kg3 61. Rc5 Be4 62. Nxe4+ 1-0

[Event "EOBCC 2020"]
[Site "Online"]
[Date "2020.12.18"]
[Round "2.11"]
[White "Schitco, Ivan"]
[Black "Movsesian, Sergei"]
[Result "0-1"]
[WhiteElo "2467"]
[BlackElo "2647"]
[PlyCount "94"]
[EventDate "2020.12.18"]
[EventType "tourn"]
[EventCountry "NET"]

1. d4 Nf6 2. c4 e6 3. g3 d5 4. Bg2 Bb4+ 5. Nd2 a5 6. Ngf3 O-O 7. O-O a4 8. Qc2 Nc6 9. a3 Be7 10. Rd1 h6 11. e4 Bd7 12. e5 Nh7 13. cxd5 exd5 14. Nf1 Na5 15. Ne3 Nb3 16. Rb1 Be6 17. Bd2 Rc8 18. Bc3 Qd7 19. Nd2 Nxd2 20. Rxd2 f5 21. exf6 Nxf6 22. Re1 Rce8 23. Rde2 Bd6 24. f4 b5 25. Qd2 c6 26. Bb4 Bxb4 27. Qxb4 Bh3 28. Bf3 Ne4 29. Nd1 Bg4 30. Bxg4 Qxg4 31. Nf2 Nxf2 32. Rxe8 Nh3+ 33. Kg2 Nxf4+ 34. Kg1 Rxe8 35. Rxe8+ Kh7 36. Qe1 Nh3+ 37. Kg2 Nf4+ 38. Kg1 Nh3+ 39. Kg2 Ng5 40. Qe3 Qd1 41. Rf8 Ne4 42. Kh3 Qh5+ 43. Kg2 Qd1 44. Kh3 Qc2 45. Qf4 Ng5+ 46. Kg4 Qe2+ 47. Kh4 Qxh2+ 0-1

[Event "EOBCC 2020"]
[Site "Online"]
[Date "2020.12.18"]
[Round "2.12"]
[White "Murzin, Volodar"]
[Black "Hovhannisyan, Robert"]
[Result "0-1"]
[WhiteElo "2470"]
[BlackElo "2642"]
[PlyCount "98"]
[EventDate "2020.12.18"]
[EventType "tourn"]
[EventCountry "NET"]

1. e4 e5 2. Nf3 Nc6 3. Bb5 Nf6 4. d3 Bc5 5. Ba4 a6 6. c3 d6 7. O-O b5 8. Bc2 O-O 9. h3 h6 10. d4 Bb6 11. dxe5 Nxe5 12. Nxe5 dxe5 13. Qxd8 Rxd8 14. Nd2 Be6 15. Re1 Nd7 16. Nf3 f6 17. Be3 Bxe3 18. Rxe3 Nb6 19. Re2 Kf8 20. Nh4 Rd6 21. f4 exf4 22. e5 fxe5 23. Ng6+ Kg8 24. Rxe5 Nc4 25. Re2 f3 26. gxf3 Bxh3 27. Rae1 Rd2 28. Re8+ Rxe8 29. Rxe8+ Kf7 30. Rf8+ Ke6 31. Be4 Rg2+ 32. Kh1 Rxb2 33. Nf4+ Ke7 34. Ng6+ Kd6 35. Rf7 Rxa2 36. Rxg7 Nd2 37. Nf4 Bf1 38. Rg6+ Ke5 39. Nh5 Nxe4 40. fxe4 Kxe4 41. Ng3+ Kd3 42. Nxf1 c5 43. Rxh6 Kxc3 44. Rh3+ Kb4 45. Ne3 c4 46. Nd5+ Kc5 47. Nc3 Rc2 48. Kg1 b4 49. Nd5 Kxd5 0-1

[Event "EOBCC 2020"]
[Site "Online"]
[Date "2020.12.18"]
[Round "2.13"]
[White "Kuzubov, Yuriy"]
[Black "Teterev, Vitaly"]
[Result "1-0"]
[WhiteElo "2641"]
[BlackElo "2460"]
[PlyCount "45"]
[EventDate "2020.12.18"]
[EventType "tourn"]
[EventCountry "NET"]

1. d4 Nf6 2. c4 g6 3. Nc3 Bg7 4. e4 O-O 5. Be2 d6 6. Be3 c6 7. Nf3 a6 8. O-O b5 9. a3 Nbd7 10. h3 bxc4 11. Bxc4 Nb6 12. Bd3 Nfd7 13. Rc1 c5 14. Qd2 cxd4 15. Bxd4 Ne5 16. Nxe5 Bxe5 17. Bxe5 dxe5 18. Rfd1 Be6 19. Qe3 Qd4 20. Qg3 Na4 21. Bf1 Nxc3 22. Rxd4 exd4 23. bxc3 1-0

[Event "EOBCC 2020"]
[Site "Online"]
[Date "2020.12.18"]
[Round "2.14"]
[White "Shubin, Kirill"]
[Black "Bauer, Christian"]
[Result "1-0"]
[WhiteElo "2441"]
[BlackElo "2639"]
[PlyCount "57"]
[EventDate "2020.12.18"]
[EventType "tourn"]
[EventCountry "NET"]

1. e4 Nc6 2. Nf3 d6 3. h3 Nf6 4. Nc3 g6 5. d4 Bg7 6. Be3 a6 7. Qd2 b5 8. Bd3 e5 9. dxe5 dxe5 10. O-O-O O-O 11. Bh6 Be6 12. Bxg7 Kxg7 13. Kb1 Qe7 14. g4 Rad8 15. Qe3 Rd6 16. Rdg1 Rfd8 17. Nh4 Kh8 18. f4 exf4 19. Qxf4 Ne5 20. Be2 b4 21. g5 bxc3 22. gxf6 Bxa2+ 23. Kxa2 Rxf6 24. Qg3 Rd2 25. Bd1 Nd3 26. b3 Qb4 27. Qg5 Rd6 28. Kb1 f6 29. Nxg6+ 1-0

[Event "EOBCC 2020"]
[Site "Online"]
[Date "2020.12.18"]
[Round "2.15"]
[White "Bartel, Mateusz"]
[Black "Belyakov, Bogdan"]
[Result "1-0"]
[WhiteElo "2638"]
[BlackElo "2450"]
[PlyCount "93"]
[EventDate "2020.12.18"]
[EventType "tourn"]
[EventCountry "NET"]

1. e4 e5 2. Nf3 Nc6 3. Bb5 Nf6 4. d3 Bc5 5. Nc3 Nd4 6. Ba4 Nxf3+ 7. Qxf3 c6 8. Bg5 Be7 9. Bb3 d6 10. h3 h6 11. Be3 Be6 12. d4 exd4 13. Bxd4 O-O 14. O-O-O Qa5 15. Kb1 b5 16. e5 dxe5 17. Bxe5 Bxb3 18. axb3 b4 19. Bxf6 Bxf6 20. Ne4 Be5 21. Rd7 Qb5 22. Rhd1 a5 23. Qd3 a4 24. Qxb5 cxb5 25. R1d5 axb3 26. cxb3 Rfe8 27. f3 f5 28. Nd2 Bf4 29. Rxf5 Re1+ 30. Kc2 Bg5 31. f4 Bf6 32. Rxb5 Ra2 33. Nc4 Raa1 34. Rd2 Rf1 35. f5 Rae1 36. Rxb4 Rxf5 37. Rb8+ Kh7 38. Ra8 Rff1 39. b4 Rc1+ 40. Kb3 Rf4 41. Rc8 Rg1 42. b5 Bg5 43. b6 Rxc4 44. Rxc4 Bxd2 45. b7 Rxg2 46. b8=Q Bc1 47. Rxc1 1-0

[Event "EOBCC 2020"]
[Site "Online"]
[Date "2020.12.18"]
[Round "2.16"]
[White "Jaracz, Pawel"]
[Black "Banusz, Tamas"]
[Result "0-1"]
[WhiteElo "2456"]
[BlackElo "2631"]
[PlyCount "54"]
[EventDate "2020.12.18"]
[EventType "tourn"]
[EventCountry "NET"]

1. e4 e5 2. Nf3 Nc6 3. Bc4 Bc5 4. c3 Nf6 5. d3 O-O 6. Nbd2 a6 7. a4 d6 8. O-O Ba7 9. h3 h6 10. b4 Re8 11. Re1 Be6 12. Bxe6 Rxe6 13. Qc2 d5 14. Ba3 Ne7 15. b5 Ng6 16. c4 dxe4 17. dxe4 Nh5 18. c5 Nhf4 19. Nc4 Qd3 20. Qxd3 Nxd3 21. Red1 Nxc5 22. Bb2 Nxe4 23. b6 cxb6 24. Ncxe5 b5 25. axb5 Nxf2 26. Bd4 Nxd1 27. Bxa7 Nxe5 0-1

[Event "EOBCC 2020"]
[Site "Online"]
[Date "2020.12.18"]
[Round "2.17"]
[White "Nikitenko, Mihail"]
[Black "Deac, Bogdan-Daniel"]
[Result "0-1"]
[WhiteElo "2452"]
[BlackElo "2625"]
[PlyCount "72"]
[EventDate "2020.12.18"]
[EventType "tourn"]
[EventCountry "NET"]

1. c4 e6 2. g3 d5 3. Bg2 Nf6 4. Nf3 Be7 5. O-O O-O 6. b3 b6 7. Bb2 Bb7 8. e3 c5 9. Nc3 Qc8 10. cxd5 Nxd5 11. Rc1 Rd8 12. Nxd5 Bxd5 13. d4 Qb7 14. Qe2 Na6 15. Rfe1 Be4 16. Nh4 Nb4 17. a3 Bxg2 18. Nxg2 Nc6 19. dxc5 bxc5 20. Nf4 Qxb3 21. Nh5 e5 22. Rc4 g6 23. Rg4 Qe6 24. Qf3 f5 25. Ra4 gxh5 26. Qxh5 Rab8 27. Bc3 Rb3 28. Rc1 Rd3 29. Qe8+ Kg7 30. Ba1 Qd7 31. Qa8 Rd1+ 32. Rxd1 Qxd1+ 33. Kg2 Rb1 34. Qe8 Qf1+ 35. Kf3 Qh1+ 36. Ke2 Qd1# 0-1

[Event "EOBCC 2020"]
[Site "Online"]
[Date "2020.12.18"]
[Round "2.18"]
[White "Bok, Benjamin"]
[Black "Mammadzada, Gunay"]
[Result "1-0"]
[WhiteElo "2624"]
[BlackElo "2443"]
[PlyCount "89"]
[EventDate "2020.12.18"]
[EventType "tourn"]
[EventCountry "NET"]

1. d4 d5 2. c4 c6 3. Nf3 Nf6 4. Nc3 a6 5. cxd5 cxd5 6. Bf4 Nc6 7. Rc1 e6 8. e3 Bd6 9. Bd3 O-O 10. O-O h6 11. Qe2 Nh5 12. Bxd6 Qxd6 13. Na4 Nf6 14. a3 Bd7 15. Nc5 Rab8 16. Rc3 Rfc8 17. Nxb7 Rxb7 18. Bxa6 Rcb8 19. Bxb7 Rxb7 20. Rfc1 Ne4 21. R3c2 f6 22. Qa6 Rb8 23. Rxc6 Bxc6 24. Rxc6 Qd7 25. b4 e5 26. h3 Ng5 27. Nxg5 hxg5 28. dxe5 fxe5 29. b5 d4 30. Rd6 Qf5 31. exd4 Qb1+ 32. Kh2 Qe4 33. Qc6 Qf4+ 34. Kg1 exd4 35. Qd5+ Kh8 36. Qxd4 Qc1+ 37. Qd1 Qxd1+ 38. Rxd1 Rxb5 39. a4 Ra5 40. Ra1 Kh7 41. Kf1 Kg6 42. Ke2 Kf5 43. Kd3 g4 44. hxg4+ Kxg4 45. Kc4 1-0

[Event "EOBCC 2020"]
[Site "Online"]
[Date "2020.12.18"]
[Round "2.19"]
[White "Muradli, Mahammad"]
[Black "Ponkratov, Pavel"]
[Result "1-0"]
[WhiteElo "2449"]
[BlackElo "2625"]
[PlyCount "137"]
[EventDate "2020.12.18"]
[EventType "tourn"]
[EventCountry "NET"]

1. Nf3 Nf6 2. c4 g6 3. Nc3 d5 4. cxd5 Nxd5 5. Qb3 Nb6 6. d4 Bg7 7. e4 O-O 8. Be3 Be6 9. d5 Bg4 10. Rd1 Bxf3 11. gxf3 N8d7 12. h4 Nf6 13. Be2 Qc8 14. f4 c6 15. dxc6 Qxc6 16. Bf3 Nc4 17. Ke2 Qa6 18. Qb5 Qxb5 19. Nxb5 a6 20. Nc3 e5 21. fxe5 Nxe5 22. Bg2 Rac8 23. Rc1 Nc4 24. f4 Ng4 25. Nd5 Ngxe3 26. Nxe3 Nxe3 27. Kxe3 Bxb2 28. Rxc8 Rxc8 29. e5 Rc3+ 30. Kd2 Rc4 31. Ke3 b5 32. Bd5 Rc5 33. Bb3 Kg7 34. h5 h6 35. hxg6 fxg6 36. Ke4 a5 37. Rd1 Rc7 38. Rd6 a4 39. Bd5 b4 40. Rb6 Bc3 41. Rb8 Re7 42. Rg8+ Kh7 43. Ra8 g5 44. e6 gxf4 45. Kxf4 a3 46. Be4+ Kg7 47. Kf5 h5 48. Bf3 h4 49. Bg4 Rb7 50. Kg5 Bf6+ 51. Kf4 b3 52. axb3 Rb4+ 53. Kf5 Rb5+ 54. Kf4 Rxb3 55. Ra7+ Kh6 56. Kf5 Bg5 57. e7 Re3 58. Ra6+ Kg7 59. Kxg5 Rxe7 60. Rxa3 Re5+ 61. Bf5 Kf7 62. Ra7+ Re7 63. Ra4 Rb7 64. Rxh4 Rb2 65. Rh7+ Ke8 66. Rd7 Re2 67. Kf6 Re1 68. Rd2 Re3 69. Bg6+ 1-0

[Event "EOBCC 2020"]
[Site "Online"]
[Date "2020.12.18"]
[Round "2.20"]
[White "Martirosyan, Haik M."]
[Black "Krallis, Christos"]
[Result "1/2-1/2"]
[WhiteElo "2622"]
[BlackElo "2442"]
[PlyCount "89"]
[EventDate "2020.12.18"]
[EventType "tourn"]
[EventCountry "NET"]

1. d4 Nf6 2. Nf3 d5 3. c4 e6 4. Nc3 Be7 5. Bg5 O-O 6. e3 h6 7. Bxf6 Bxf6 8. Rc1 c6 9. Bd3 dxc4 10. Bxc4 Nd7 11. O-O e5 12. d5 Nb6 13. b3 Nxc4 14. bxc4 Bf5 15. e4 Bh7 16. Qb3 Qe7 17. Rfe1 g5 18. h3 h5 19. g4 hxg4 20. hxg4 Qd7 21. Nh2 Be7 22. Kg2 Bc5 23. f3 Bg6 24. Nf1 Kg7 25. Ng3 Rh8 26. Rh1 Bd4 27. Nce2 Bc5 28. Nf5+ Bxf5 29. exf5 cxd5 30. cxd5 b6 31. Ng3 Rad8 32. Nh5+ Rxh5 33. Rxh5 Qxd5 34. Qxd5 Rxd5 35. Rc2 f6 36. Rh1 a5 37. Kg3 Rd3 38. Rch2 e4 39. Rh7+ Kf8 40. Rb7 Rxf3+ 41. Kg2 Rf2+ 42. Kg3 Rf3+ 43. Kg2 Rf2+ 44. Kh3 Rf3+ 45. Kg2 1/2-1/2

[Event "EOBCC 2020"]
[Site "Online"]
[Date "2020.12.18"]
[Round "2.21"]
[White "Kolosowski, Mateusz"]
[Black "Onischuk, Vladimir"]
[Result "0-1"]
[WhiteElo "2448"]
[BlackElo "2633"]
[PlyCount "64"]
[EventDate "2020.12.18"]
[EventType "tourn"]
[EventCountry "NET"]

1. e4 d6 2. d4 Nf6 3. Nc3 g6 4. Bg5 Bg7 5. Qd2 h6 6. Bh4 O-O 7. O-O-O c6 8. f4 b5 9. e5 b4 10. exf6 bxc3 11. Qxc3 Bxf6 12. Bxf6 exf6 13. Bd3 f5 14. Nf3 Be6 15. h4 h5 16. Ng5 Bd5 17. Bc4 Nd7 18. Bxd5 cxd5 19. Qa3 Nf6 20. Rh3 Re8 21. Rb3 Qc7 22. Rc3 Qd7 23. Qa6 Rac8 24. Rxc8 Rxc8 25. Rd3 Ne4 26. Rb3 Rc7 27. Rb8+ Kg7 28. Qb5 Rc6 29. Rb7 Qc8 30. c3 Rxc3+ 31. Kd1 Rc1+ 32. Ke2 Qc2+ 0-1